000 00280nam a22001337a 4500
008 170511b xxu||||| |||| 00| 0 eng d
020 _a9780078210372
041 _aeng
080 _a34
100 _a15
101 _aSHJ
245 _aBUSNESS LAW
_cBROWN.G.W
942 _2udc
_cBK
999 _c13131
_d13131